000 00763cam a22002413a 4500
001 3953
003 PGUSA
005 20140828083040.0
008 041030s2004||||xxu|||||s|||||000 1 eng d
040 _aPGUSA
_beng
042 _adc
050 4 _aPQ
100 1 _aVigny, Alfred de,
_d1797-1863
245 1 0 _aCinq Mars — Complete
_h[electronic resource] /
_cAlfred de Vigny
260 _bProject Gutenberg,
_c2004
506 _aPublic domain in the USA.
516 _aElectronic text
653 _aRichelieu, Armand Jean du Plessis, duc de, 1585-1642 -- Fiction
653 _aCinq-Mars, Henri Coiffier Ruzé d'Effiat, marquis de, 1620-1642 -- Fiction
830 0 _aProject Gutenberg
_v3953
856 4 0 _uhttp://www.gutenberg.org/ebooks/3953
942 _cEB
999 _c233282
_d233282